Vacaciones pagadas /
ISBN:
847456266X
Descripción Física:
119 pàgines ; 22 cm
Colección:
Marca Hispánica
MARC
| LEADER | 00000nam a2200000Ia 4500 | ||
|---|---|---|---|
| 001 | 1926 | ||
| 008 | 160829s1985 xx 000 0 cat d | ||
| 017 | |a DL B-28384-1985 | ||
| 020 | |a 847456266X | ||
| 080 | |a L-1-75 | ||
| 100 | 1 | |a Quart, Pere, |d 1899-1986 |9 54363 | |
| 245 | 1 | 0 | |a Vacaciones pagadas / |c Pere Quart ; traducción de José Batlló ; edición y prólogo de Antoni Turull |
| 246 | 1 | 1 | |a Vacances pagades |
| 250 | |a Primera edición | ||
| 260 | |a Barcelona : |b Edicions del Mall, |c junio 1985 | ||
| 300 | |a 119 pàgines ; |c 22 cm | ||
| 490 | |a Marca Hispánica | ||
| 590 | |a Edició bilingüe: català-castellà. | ||
| 590 | |a Títol original: 'Vacances pagades' | ||
| 700 | 1 | |a Batlló, José |e traductor |9 27031 | |
| 700 | |a Turull, Antoni, ed. |9 27032 |e director editorial | ||
| 901 | |a Arxiu | ||
| 942 | |n 1 |2 udc |c ARXIU | ||
| 952 | |0 0 |1 0 |4 0 |6 L175 |7 1 |9 44248 |a Arxiu |b Arxiu |d 2016-12-01 |l 0 |o L-1-75 |p 1926 |r 2016-12-01 00:00:00 |w 2016-12-01 |y ARXIU | ||
| 952 | |0 0 |1 0 |4 0 |6 PDL |7 1 |9 63741 |a Arxiu |b Arxiu |d 2022-09-05 |l 0 |o PDL |p 26658 |r 2022-09-05 00:00:00 |w 2022-09-05 |y ARXIU | ||
| 999 | |c 46828 |d 46828 | ||